Mimpi Yang Menakutkan

Bibliographic Details
Main Author: Suzlina Idris (Author)
Format: Book
Published: Cheras,Kuala Lumpur : SEMARAK MURNI ENTERPRISE 2021
Series:Siri Catatan Lima Sahabat
Subjects:

MARC

LEADER 00000cam a2200000 7i4500
001 0000295607
005 20240403130527.0
006 aa ###j ### 000 1
007 t
008 211011s2021 my a j 000 1may d
020 |a 9789672370253 
040 |a MBPJ   |b eng   |c MBPJ   |e rda 
090 0 0 |a JF   |b SUZ 
100 0 |a Suzlina Idris ,   |e author 
245 1 0 |a Mimpi Yang Menakutkan   |c Suzlina Idris 
264 1 |a Cheras,Kuala Lumpur :   |b SEMARAK MURNI ENTERPRISE   |c 2021 
300 |a 32 pages :   |b colour illustrations ;   |c 23 cm. 
336 |a still image  |2 rdacontent 
336 |a text  |2 rdacontent 
337 |a unmediated  |2 rdamedia 
338 |a volume  |2 rdacarrier 
490 1 |a Siri Catatan Lima Sahabat 
650 0 |a Children's stories, Malay 
999 |a 00394744   |b BUKU   |c PINJAMAN   |e PERPUSTAKAAN KOMUNITI PETALING JAYA